| 000 | 00513nam a2200157 a 4500 | ||
|---|---|---|---|
| 001 | 000047688 | ||
| 005 | 20201002060658.0 | ||
| 008 | 130826s2018 dr c r 000 0 spa d | ||
| 040 |
_aDO-SdBNP _bspa _cBNPHU |
||
| 082 |
_axxxx _bR426i, 2018 |
||
| 110 | 1 |
_aRepública Dominicana. _bCámara de Diputados _932238 |
|
| 245 | 1 | 0 |
_aInforme de gestión : _bperíodo legislativo 2017 -2018. |
| 260 |
_aSanto Domingo : _bCámara de Diputados, _c2018. |
||
| 300 |
_a495 p. : _bretrs. ; _c29 cm. |
||
| 590 | _aInventariado, 2020/BT | ||
| 999 |
_c47176 _d47176 |
||